000 00300nam a2200121Ia 4500
008 190723s9999 xx 000 0 und d
020 _a978-1-118-37075-9
100 _aRon Dimon
245 0 _aEnterPRISE Performance Management
260 _aCanada
_bJohn Wiley
_c2013
300 _a186
942 _cBK
999 _c1222
_d1222